00314nam a22000977a 450000500170000000800410001702200180005824500720007626000500014830000180019820190312123412.0190312b ||||| |||| 00| 0 eng d a9789993628569 a2017 Population and Housing Census of Bhutan ;bLhuentse Dzongkhag. aThimphu ;bNational Statistics Bureau,c2018. a59 p.c24 cm.